000 00578nam a2200181Ia 4500
008 090124s9999 xx 000 0 und d
082 _b38248
100 _aनायकवाडी केशवराव पी.
245 _a परिमळ
250 _a1
260 _bगोमंतक मराठी अकादमी
_c1999
300 _a54
600 _aनायकवाडी केशवराव पी.
630 _a परिमळ
700 _aनायकवाडी केशवराव पी.
730 _a परिमळ
942 _cBOOK
999 _c104255
_d104255